Principles Of Risk Management And Insurance (Record no. 4902)

MARC details
005 - DATE AND TIME OF LATEST TRANSACTION
control field 20250625055001.0
020 ## - INTERNATIONAL STANDARD BOOK NUMBER
International Standard Book Number 978-0-321-46857-4
082 ## - DEWEY DECIMAL CLASSIFICATION NUMBER
Classification number 368REJ
100 ## - MAIN ENTRY--PERSONAL NAME
Author name REJD. E. G.
245 ## - TITLE STATEMENT
Title Principles Of Risk Management And Insurance
250 ## - EDITION STATEMENT
Edition statement 10th Ed
260 ## - PUBLICATION, DISTRIBUTION, ETC.
Place of publication, distribution, etc. New York,
Name of publisher, distributor, etc. Greg Tobin,
Date of publication, distribution, etc. 2008.
300 ## - PHYSICAL DESCRIPTION
Extent xx,; 669p,; ill, table, figure, picture
Other physical details Appendix, Grossary, Index
Dimensions 25cm
700 ## - ADDED ENTRY--PERSONAL NAME
Other authors/Editors CLINTON. D,; BATTISTA. D.
942 ## - ADDED ENTRY ELEMENTS (KOHA)
Source of classification or shelving scheme Dewey Decimal Classification
Koha item type Books
Holdings
Date last seen Total checkouts Full call number Barcode Cost, replacement price Price effective from Koha item type Lost status Source of classification or shelving scheme Damaged status Not for loan Withdrawn status Home library Current library Shelving location Date acquired Cost, normal purchase price
06/25/2025   368REJ DOM0003558 255000.00 06/25/2025 Books   Dewey Decimal Classification       CBE Dodoma CBE Dodoma Special Reserve Collection 03/22/2009 85000.00
06/27/2025   368REJ DOM0001093 255000.00 06/27/2025 Books   Dewey Decimal Classification       CBE Dodoma CBE Dodoma General Collection 03/22/2009 85000.00